Fundamentación filosófica de las doctrinas económicas

Guardat en:
Dades bibliogràfiques
Autor principal: Letizia, Francisco (Autor)
Format: Llibre
Idioma:espanyol
Publicat: Mendoza Universidad de Cuyo 1983
Matèries:
Etiquetes: Afegir etiqueta
Sense etiquetes, Sigues el primer a etiquetar aquest registre!

MARC

LEADER 00000nam a2200000 a 4500
001 UCZ3947
003 CL-VaPUC
005 20241127085253.0
008 951027e19830000AG |||||||||||||||||spa|d
999 |c 240387  |d 240385 
040 |c Pontificia Universidad Católica de Valparaíso 
082 0 4 |a 330.1  |b LET  |2 21 
100 |a Letizia, Francisco  |e author  |9 347801 
245 1 0 |a Fundamentación filosófica de las doctrinas económicas 
260 |a Mendoza  |b Universidad de Cuyo  |c 1983 
300 |a v 
583 |a last modification  |c 19951027 00:00:00  |k Rodrigo Vera 
600 0 |a Sócrates  |9 266368 
600 0 7 |a HESIODO  |2 CL-VaPUC  |9 334567 
600 0 |a Pericles  |9 268847 
600 0 7 |a PLATON  |2 CL-VaPUC  |9 222 
600 0 |a Aristóteles,  |d 384 a.C.- 322 a.C.  |9 194 
600 0 |a Tomás de Aquino  |d 1220-1274  |c Santo  |9 255832 
600 0 |a Hobbes, Thomas  |d 1588-1679  |9 860396 
650 0 |a Economía   |9 255568 
650 0 |a Teoría económica  |9 315055 
650 0 |a Filosofía de las ciencias  |9 256466 
650 0 |a Ética  |9 255099 
650 0 |a Trabajo y empleo  |9 315054 
650 0 |a Escuelas filosóficas   |9 266232 
650 0 |a Cristianismo  |9 257361 
650 0 |a Escolasticismo  |9 264998 
650 0 |a Capitalismo  |9 255255 
650 0 |a Teología   |9 258766 
942 |c BK  |2 ddc 
945 |d 19951027 00:00:00  |a lriquelm 
952 |0 0  |1 0  |4 0  |6 330_100000000000000_LET_1983  |7 0  |8 P  |9 252236  |a BIBEDU  |b BIBEDU  |c BIBEDU_PB  |d 2019-11-18  |h v.1  |i 1592637  |o 330.1 LET 1983  |p 1592637  |r 2024-01-25  |w 2019-11-18  |y BK  |k FIL